Calculus & Analytic Geometry 9th Edition (Record no. 18691)
[ view plain ]
| 000 -LEADER | |
|---|---|
| fixed length control field | 00446nam a2200169Ia 4500 |
| 008 - FIXED-LENGTH DATA ELEMENTS--GENERAL INFORMATION | |
| fixed length control field | 221030s9999 xx 000 0 und d |
| 020 ## - INTERNATIONAL STANDARD BOOK NUMBER | |
| ISBN | 9788177583250 |
| 041 ## - LANGUAGE CODE | |
| Language code of text/sound track or separate title | |
| 100 ## - MAIN ENTRY--AUTHOR NAME | |
| Personal name | G. B. Thomas |
| 245 #0 - TITLE STATEMENT | |
| Title | Calculus & Analytic Geometry 9th Edition |
| Statement of responsibility, etc | by G. B. Thomas, R. L. Finney |
| 250 ## - EDITION STATEMENT | |
| Edition statement | 9th |
| 260 ## - PUBLICATION, DISTRIBUTION, ETC. (IMPRINT) | |
| Name of publisher | Pearson Education |
| Place of publication | Noida |
| Year of publication | 2021 |
| 300 ## - PHYSICAL DESCRIPTION | |
| Number of Pages | 1157 |
| 650 ## - SUBJECT ADDED ENTRY--TOPICAL TERM | |
| Topical Term | BE Mathematics |
| 700 ## - ADDED ENTRY--PERSONAL NAME | |
| Personal name | R. L. Finney |
| 942 ## - ADDED ENTRY ELEMENTS (KOHA) | |
| Koha item type | Books |
| Accession Number | Cost, normal purchase price | Bill Date | Source of acquisition | Price effective from | Koha item type | Withdrawn / writtenoff status | Materials specified (bound volume or other part) | Damaged status | Not for loan | Permanent Location | Current Location | Shelving location | Date acquired | Lost/ Missing status | department |
|---|---|---|---|---|---|---|---|---|---|---|---|---|---|---|---|
| Be 24431 | 929.00 | 84 | RKB | 10/30/2022 | Books | MIET Library, Jammu | MIET Library, Jammu | BL-Academic Block B, FL-2, CUP-9, SH-5, R-5 | 11/09/2021 | BE | |||||
| BE 24432 | 929.00 | 84 | RKB | 10/30/2022 | Books | MIET Library, Jammu | MIET Library, Jammu | BL-Academic Block B, FL-2, CUP-9, SH-5, R-5 | 11/09/2021 | BE | |||||
| BE 24433 | 929.00 | 84 | RKB | 10/30/2022 | Books | MIET Library, Jammu | MIET Library, Jammu | BL-Academic Block B, FL-2, CUP-9, SH-5, R-5 | 11/09/2021 | BE | |||||
| BE 24380 | 929.00 | 85 | RKB | 10/30/2022 | Books | Not For Loan | MIET Library, Jammu | MIET Library, Jammu | BL-Academic Block B, FL-2, CUP-114, SH-5, R-5 | 11/02/2021 | BE | ||||
| BE 24381 | 929.00 | 85 | RKB | 10/30/2022 | Books | MIET Library, Jammu | MIET Library, Jammu | BL-Academic Block B, FL-2, CUP-9, SH-5, R-5 | 11/02/2021 | BE | |||||
| BE 24382 | 929.00 | 85 | RKB | 10/30/2022 | Books | MIET Library, Jammu | MIET Library, Jammu | BL-Academic Block B, FL-2, CUP-9, SH-5, R-5 | 11/02/2021 | BE | |||||
| BE 24461 | 929.00 | 82 | RKB | 10/30/2022 | Books | MIET Library, Jammu | MIET Library, Jammu | BL-Academic Block B, FL-2, CUP-9, SH-5, R-5 | 11/11/2021 | BE | |||||
| BE 24462 | 929.00 | 82 | RKB | 10/30/2022 | Books | MIET Library, Jammu | MIET Library, Jammu | BL-Academic Block B, FL-2, CUP-9, SH-5, R-5 | 11/11/2021 | BE | |||||
| BE 24463 | 929.00 | 82 | RKB | 10/30/2022 | Books | MIET Library, Jammu | MIET Library, Jammu | BL-Academic Block B, FL-2, CUP-9, SH-5, R-5 | 11/11/2021 | BE |